| 000 | 01431 a2200229 4500 | ||
|---|---|---|---|
| 001 | 54070 | ||
| 005 | 20260407155811.0 | ||
| 008 | 260407a1976 arg spa d | ||
| 003 | AR-UNSa-BCEJYS | ||
| 040 |
_aAR-UNSa-BCEJYS _bspa _cAR-UNSa-BCEJYS |
||
| 080 |
_a330.101.541 _xMacroeconomía |
||
| 245 | 1 | 0 | _aPrincipios de macroeconomía |
| 250 | _a2a. ed. | ||
| 264 | 1 |
_aBuenos Aires : _bEl Ateneo _c1976 |
|
| 300 |
_a184 p. _c26 cm. |
||
| 505 | _a1. Introducción a la economía – 2. Las decisiones de carácter económico en una economía socialista – 3. La economía de mercado – 4. Oferta y demanda – 5. La economía de los Estados Unidos de América – 6. Medición de los ingresos y de la producción – 7. Ingreso Nacional – 8. Ingreso, precios y nivel de empleo – 9. Fluctuaciones del ingreso nacional – 10. Impuestos, presupuestos y política fiscal – 11. La oferta de dinero y los bancos – 12. La política monetaria – 13. El dinero y el ingreso – 14. Alto nivel de empleo y estabilidad de precios – 15. El sistema monetario mundial – 16. Comercio internacional – 17. Comercio y política económica – 18. Razones del crecimiento económico – 19. El crecimiento económico en la actualidad – 20. Los países de menor desarrollo (PDM). | ||
| 041 | _aspa | ||
| 942 | _cBK | ||
| 590 | _aniveau_biblio:m niveau_hierar:0 | ||
| 100 | 1 | _aReynolds, Lloyd G. | |
| 700 | 1 | _aMichas, Nicholas A. | |
| 999 |
_c5338 _d5338 |
||